000 00522nam a22001817a 4500
005 20241003054330.0
008 241003b |||||||| |||| 00| 0 eng d
020 _a9781485133162
041 _aEnglish
082 _a347.1 VAN
100 _lEnglish
245 _aPreparation for Civil Trails /
_cP Van Blerk
250 _aFirst Edition
260 _aCape Town:
_bJuta and Company Ltd,
_c2019
300 _bxi, 305 pages;
_c25 cm.
650 _aLegal practice
_bLaw
942 _cBK
_6ALISON_BN_VRIES
999 _c3201
_d3201